000 00837nam0a22002291 4500
001 rc\844007
005 20250622013848.0
035 _a(NLR Aleph) 006025157
090 _a7469831
_c7469831
100 _a20041129d1983 |||y0rusy50 ca
101 0 _arus
102 _aRU
105 _ay |||||||||
200 1 _aМетодическое пособие к семинарским занятиям по политической экономии
_e[Для неэкон. вузов
_fЮ.А. Комарницкий и др.]
_gПод ред. Ю.А. Комарницкого
210 _aМ.
_cВысш. школа
_d1983
215 _a176 с.
_d20
702 1 _aКомарницкий
_bЮ.А.
_gЮрий Анатольевич
_4220
801 0 _aRU
_bNLR
_gpsbo
801 1 _aRU
_bELAR
_2rusmarc
852 _aNLR
_j84-3/921
942 _cBOOK
980 _aNB